000 00355 a2200133 4500
005 20250623055932.0
020 _a978-1-118-44671-3
082 _a512.007 STE
100 _aSTERLING, J. M.
245 _a1001 Algebra Practice Problems for Dummies
260 _aHoboken
_bJohn Wiley & Sons, Inc
_c2013.
300 _axvi, 431p.
_bIndex
_c25cm
942 _2ddc
_cBKS
999 _c4567
_d4567